<?xml version="1.0" encoding="UTF-8"?><?xml-stylesheet type="text/xsl" href="static/style.xsl"?><OAI-PMH xmlns="http://www.openarchives.org/OAI/2.0/" xmlns:xsi="http://www.w3.org/2001/XMLSchema-instance" xsi:schemaLocation="http://www.openarchives.org/OAI/2.0/ http://www.openarchives.org/OAI/2.0/OAI-PMH.xsd"><responseDate>2026-04-14T06:15:35Z</responseDate><request verb="GetRecord" identifier="oai:www.recercat.cat:2117/445180" metadataPrefix="marc">https://recercat.cat/oai/request</request><GetRecord><record><header><identifier>oai:recercat.cat:2117/445180</identifier><datestamp>2025-11-06T07:48:43Z</datestamp><setSpec>com_2072_1033</setSpec><setSpec>col_2072_452951</setSpec></header><metadata><record xmlns="http://www.loc.gov/MARC21/slim" xmlns:dcterms="http://purl.org/dc/terms/" xmlns:xsi="http://www.w3.org/2001/XMLSchema-instance" xmlns:doc="http://www.lyncode.com/xoai" xsi:schemaLocation="http://www.loc.gov/MARC21/slim http://www.loc.gov/standards/marcxml/schema/MARC21slim.xsd">
   <leader>00925njm 22002777a 4500</leader>
   <datafield ind2=" " ind1=" " tag="042">
      <subfield code="a">dc</subfield>
   </datafield>
   <datafield ind2=" " ind1=" " tag="720">
      <subfield code="a">Bueno León, Alex</subfield>
      <subfield code="e">author</subfield>
   </datafield>
   <datafield ind2=" " ind1=" " tag="260">
      <subfield code="c">2025-10-22</subfield>
   </datafield>
   <datafield ind2=" " ind1=" " tag="520">
      <subfield code="a">En aquest projecte es proposen dos algorismes d'entrenament de perceptrons multicapa amb l'objectiu de mitigar el problema d'estancament en mínims locals que els mètodes estàndard de xarxes neuronals han d'enfrontar. El primer està basat en el mètode d'optimització global Simulated Annealing, i segueix un esquema híbrid que combina cerca local amb salts de Simulated Annealing quan es queda estancat en un mínim local. El segon és un algorisme de dos fases basat en Tunneling: posteriorment a la cerca local de la primera fase, la fase de Tunneling cerca un pas trans-conca en un espai 2D altament informatiu generat a partir del millor mínim local trobat per la primera fase. S'han dut a terme diferents experiments amb tots dos algorismes, demostrant el seu millor rendiment i habilitat per escapar de mínims locals en problemes d'alta dimensionalitat en comparació amb l'algorisme estàndard pres com a base: Backpropagation amb Descens de Gradient Estocàstic.</subfield>
   </datafield>
   <datafield ind2=" " ind1=" " tag="520">
      <subfield code="a">Two alternative training algorithms for multilayer perceptrons are proposed to mitigate the local minima problem that standard neural network optimization methods must deal with. The first one is based on the global optimization algorithm Simulated Annealing and follows a hybrid scheme that combines local search with Simulated Annealing jumps when it gets stuck at local minima points. The second one is a two-phase training algorithm based on Tunneling. After the local search in the first phase, the Tunneling phase searches for a cross-basin step within a highly informative 2D subspace generated from the best known local minima by the first phase. Several experiments have been conducted with both algorithms, demonstrating their better performance and ability to escape local minima in highly dimensional problems compared to the training baseline Backpropagation with Stochastic Gradient Descent.</subfield>
   </datafield>
   <datafield ind1="8" ind2=" " tag="024">
      <subfield code="a">http://hdl.handle.net/2117/445180</subfield>
   </datafield>
   <datafield tag="653" ind2=" " ind1=" ">
      <subfield code="a">Àrees temàtiques de la UPC::Informàtica::Intel·ligència artificial</subfield>
   </datafield>
   <datafield tag="653" ind2=" " ind1=" ">
      <subfield code="a">Neural networks (Computer science)</subfield>
   </datafield>
   <datafield tag="653" ind2=" " ind1=" ">
      <subfield code="a">Simulated annealing (Mathematics)</subfield>
   </datafield>
   <datafield tag="653" ind2=" " ind1=" ">
      <subfield code="a">Xarxa neuronal</subfield>
   </datafield>
   <datafield tag="653" ind2=" " ind1=" ">
      <subfield code="a">Perceptró multicapa</subfield>
   </datafield>
   <datafield tag="653" ind2=" " ind1=" ">
      <subfield code="a">Mínim local</subfield>
   </datafield>
   <datafield tag="653" ind2=" " ind1=" ">
      <subfield code="a">Tunneling</subfield>
   </datafield>
   <datafield tag="653" ind2=" " ind1=" ">
      <subfield code="a">Backpropagation</subfield>
   </datafield>
   <datafield tag="653" ind2=" " ind1=" ">
      <subfield code="a">Descens de gradient estocàstic</subfield>
   </datafield>
   <datafield tag="653" ind2=" " ind1=" ">
      <subfield code="a">Neural network</subfield>
   </datafield>
   <datafield tag="653" ind2=" " ind1=" ">
      <subfield code="a">Multilayer perceptron</subfield>
   </datafield>
   <datafield tag="653" ind2=" " ind1=" ">
      <subfield code="a">Local minima</subfield>
   </datafield>
   <datafield tag="653" ind2=" " ind1=" ">
      <subfield code="a">Simulated annealing</subfield>
   </datafield>
   <datafield tag="653" ind2=" " ind1=" ">
      <subfield code="a">Tunneling</subfield>
   </datafield>
   <datafield tag="653" ind2=" " ind1=" ">
      <subfield code="a">Stochastic gradient descent</subfield>
   </datafield>
   <datafield tag="653" ind2=" " ind1=" ">
      <subfield code="a">Xarxes neuronals (Informàtica)</subfield>
   </datafield>
   <datafield tag="653" ind2=" " ind1=" ">
      <subfield code="a">Recuita simulada (Matemàtica)</subfield>
   </datafield>
   <datafield ind2="0" ind1="0" tag="245">
      <subfield code="a">Analysis and development of alternate optimization algorithms for training multilayer perceptrons</subfield>
   </datafield>
</record></metadata></record></GetRecord></OAI-PMH>